000 00315nam a2200133 i 4500
001 bg
100 1 _aPAWLACZYK, A.
245 0 _aElementy i układy optoelektroniczne /
_cA. Pawlaczyk.
260 _aWarszawa,
_c1984.
040 _cBPK
041 _apol
942 _cKS
008 s pl f |000 0 pol
999 _c22906
_d22906
856 _uhttp://koha.tu.koszalin.pl/cgi-bin/koha/opac-detail.pl?biblionumber=22906
_yKatalog online BPK